La bandera de España /

Obra en que, con lenguaje sencillo, se explica qué es, cómo es y qué simboliza la bandera española. Se incluyen datos de algunos hechos históricos en que se ha defendido este símbolo patrio.

I tiakina i:
Ngā taipitopito rārangi puna kōrero
Kaituhi matua: Azcárraga y de Bustamante, José Luis (autor)
Hōputu: Pukapuka
Reo:Pāniora
I whakaputaina: Madrid, España : Doncel, 1981, c1981
Ngā marau:
Ngā Tūtohu: Tāpirihia he Tūtohu
Kāore He Tūtohu, Me noho koe te mea tuatahi ki te tūtohu i tēnei pūkete!

MARC

LEADER 00000nam^a2200000^a^4500
001 000271358
005 20250521000000.0
009 20260310111025.906
020 |a 84-325-0379-7 
025 |a Donación Sergio Padilla Moreno, 1 ejemplar 
037 |a Acervo ITESO - Biblioteca 
041 |a ESP 
082 |a 929. 920946  |b AZC 
100 |a Azcárraga y de Bustamante, José Luis  |e (autor) 
245 1 3 |a La bandera de España /  |c J.L. de Azcárraga y de Bustamante. 
264 4 |a Madrid, España :  |b Doncel,  |c 1981, c1981 
300 |a 26 p. 
336 |a texto  |b txt  |2 rdacontenido 
337 |a sin mediación  |b n  |2 rdamedio 
338 |a volumen  |b nc  |2 rdasoporte 
520 |a Obra en que, con lenguaje sencillo, se explica qué es, cómo es y qué simboliza la bandera española. Se incluyen datos de algunos hechos históricos en que se ha defendido este símbolo patrio. 
649 |a XX 
650 |a Identidad Nacional -  |z España 
650 |a Escudos -  |z España 
650 |a Bandera Nacional -  |z España -  |x Tema Principal 
650 |a Emblemas Nacionales -  |z España 
650 |a Heráldica 
910 |a Fondo General 
920 |a Impresos - Libros 
930 |a Reserva Especial 
905 |a 103 
901 |a 0500157098  |b IT1  |c REE  |i D  |u 20250521 
902 |a https://opac.biblio.iteso.mx/vufind/Record/000271358